[Event "DEM U12 2011"]
[Site "Oberhof GER"]
[Date "2011.06.15"]
[Round "6"]
[White "Kühn, Kolja"]
[Black "Richardt, Angelina"]
[Result "1/2-1/2"]
[Termination "normal"]
[Board "42"]
[WhiteElo "1273"]
[BlackElo "1146"]
[PlyCount "81"]
[WhiteFideId "12938106"]
[BlackFideId "12938149"]
[EventCountry "GER"]
[EventRounds "11"]
[EventType "swiss"]
[EventDate "2011.06.11"]

1. d4 Nf6 2. c4 d6 3. Nf3 Nbd7 4. Nc3 e5 5. d5 Be7 6. e4 Nc5 7. Bd3 a5 8. Be3
b6 9. Bxc5 bxc5 10. Nb5 O-O 11. a3 a4 12. b4 axb3 13. Qxb3 Bg4 14. Nd2 Rb8 15.
a4 Qd7 16. O-O Ra8 17. a5 Rfb8 18. Rfb1 c6 19. h3 Bh5 20. a6 cxb5 21. cxb5 Bd8
22. Nc4 Bb6 23. Qa4 Qd8 24. Nxb6 Rxb6 25. Qa5 Ra7 26. f3 Nd7 27. Qe1 h6 28. g4
Bg6 29. Qg3 Qg5 30. Re1 Qf4 31. Qh4 Qg5 32. Qg3 Qf6 33. Ra2 Bh7 34. h4 Qf4 35.
Qh3 Nf8 36. h5 Qg5 37. Rf2 Qf4 38. Rg2 f6 39. g5 fxg5 40. Qc8 Qf6 41. Qh3
1/2-1/2

[Event "DEM U12 2011"]
[Site "Oberhof GER"]
[Date "2011.06.15"]
[Round "6"]
[White "Lederer, Leia"]
[Black "Oberhofer, Marie"]
[Result "1-0"]
[Termination "normal"]
[Board "43"]
[WhiteElo "1252"]
[BlackElo "1068"]
[PlyCount "76"]
[WhiteFideId "12926353"]
[BlackFideId "12938165"]
[EventCountry "GER"]
[EventRounds "11"]
[EventType "swiss"]
[EventDate "2011.06.11"]

1. e4 c5 2. Nf3 d6 3. d4 cxd4 4. Nxd4 Nf6 5. Nc3 g6 6. Be3 Bg7 7. f3 O-O 8. Qd2
Nc6 9. O-O-O Bd7 10. g4 a6 11. h4 Nxd4 12. Bxd4 h6 13. h5 g5 14. Be3 Rc8 15.
Bd3 b5 16. e5 dxe5 17. Bxg5 Nh7 18. Bxh6 f6 19. Bxg7 Kxg7 20. Bg6 b4 21. Nd5 a5
22. Qd3 Rh8 23. h6+ Kg8 24. Bxh7+ Rxh7 25. Qg6+ Kh8 26. Qh5 Be6 27. Nxf6 Qc7
28. Rd2 exf6 29. Qg6 Qf7 30. Qd3 Qe7 31. Qa6 Rc5 32. Rd6 Bc8 33. Qb6 Rf7 34.
Qxc5 Rf8 35. Rhd1 Kh7 36. Qe3 Rf7 37. Rd8 Be6 38. Ra8 Qc7 1-0

[Event "DEM U12 2011"]
[Site "Oberhof GER"]
[Date "2011.06.15"]
[Round "6"]
[White "Torgashov, Katerina"]
[Black "Usczeck, Alina"]
[Result "1-0"]
[Termination "normal"]
[Board "44"]
[WhiteElo "1043"]
[BlackElo "1219"]
[PlyCount "61"]
[WhiteFideId "12938173"]
[BlackFideId "12938114"]
[EventCountry "GER"]
[EventRounds "11"]
[EventType "swiss"]
[EventDate "2011.06.11"]

1. e4 c6 2. Nc3 d5 3. Nf3 dxe4 4. Nxe4 Bf5 5. Ng3 Bg6 6. h4 h6 7. Ne5 Bh7 8.
Qh5 g6 9. Qf3 Nf6 10. Qb3 Qd5 11. Qxb7 Qxe5+ 12. Be2 Qd5 13. Qxa8 Nfd7 14. Qxa7
Qxg2 15. Qc7 e6 16. b3 Bg7 17. Ba3 f5 18. Qd6 Bf6 19. Qxe6+ Kd8 20. Rb1 Be5 21.
Rf1 Re8 22. Qc4 Bf6 23. Qd3 f4 24. Bd6 fxg3 25. Bxb8 Bxh4 26. Bxg3 Bg5 27. Kd1
Rf8 28. Bg4 Rf7 29. Re1 h5 30. Qd6 hxg4 31. Qc7# 1-0

[Event "DEM U12 2011"]
[Site "Oberhof GER"]
[Date "2011.06.15"]
[Round "6"]
[White "Ley, Sabrina"]
[Black "Zech, Anna"]
[Result "0-1"]
[Termination "normal"]
[Board "45"]
[WhiteElo "1156"]
[BlackElo "957"]
[PlyCount "38"]
[WhiteFideId "12938130"]
[BlackFideId "12909424"]
[EventCountry "GER"]
[EventRounds "11"]
[EventType "swiss"]
[EventDate "2011.06.11"]

1. e4 Nf6 2. e5 Nd5 3. c4 Nb6 4. c5 Nd5 5. Nc3 e6 6. Qg4 Nc6 7. Nf3 d6 8. cxd6
cxd6 9. d4 g6 10. Bb5 a6 11. Ba4 b5 12. Bb3 Nxc3 13. bxc3 dxe5 14. dxe5 Bg7 15.
Bg5 Qc7 16. Rd1 O-O 17. O-O Nxe5 18. Qg3 Nxf3+ 19. Qxf3 Bb7 0-1

[Event "DEM U12 2011"]
[Site "Oberhof GER"]
[Date "2011.06.15"]
[Round "6"]
[White "Boussonville, Anna"]
[Black "Uffrecht, Luise"]
[Result "1-0"]
[Termination "normal"]
[Board "46"]
[WhiteElo "996"]
[BlackElo "958"]
[PlyCount "159"]
[WhiteFideId "12929689"]
[EventCountry "GER"]
[EventRounds "11"]
[EventType "swiss"]
[EventDate "2011.06.11"]

1. e4 e5 2. Nf3 Nc6 3. Bc4 Bc5 4. Nc3 Nf6 5. d3 d6 6. Bg5 h6 7. Bh4 g5 8. Bg3
Bg4 9. h3 Bh5 10. a3 a6 11. Qd2 Bxf3 12. gxf3 Na5 13. b4 Nxc4 14. dxc4 Bd4 15.
Rb1 c6 16. Rb3 b5 17. cxb5 axb5 18. Ne2 Ba7 19. Rd3 Bb8 20. Bxe5 Ke7 21. Bxf6+
Kxf6 22. h4 gxh4 23. Qf4+ Ke7 24. Qxh4+ Ke8 25. Qxd8+ Kxd8 26. Rh5 Ke7 27. Ng3
Bc7 28. Nf5+ Ke6 29. Ke2 Rad8 30. Ke3 c5 31. bxc5 dxc5 32. Rxd8 Bxd8 33. f4 Ba5
34. Kd3 Kd7 35. c3 b4 36. axb4 cxb4 37. cxb4 Bxb4 38. Rxh6 Rc8 39. Rf6 Rf8 40.
Kd4 Be7 41. Nxe7 Kxe7 42. Ra6 Rg8 43. f5 Rf8 44. Ke5 f6+ 45. Kf4 Rb8 46. Ra7+
Kf8 47. f3 Re8 48. Kg4 Re7 49. Rxe7 Kxe7 50. Kh5 Kf7 51. f4 Kg7 52. e5 Kf7 53.
e6+ Kg7 54. Kg4 Kf8 55. Kf3 Ke7 56. Ke3 Kd6 57. Kd4 Kc6 58. Kc4 Kd6 59. Kb5 Ke7
60. Kc6 Ke8 61. Kd6 Kd8 62. Kc6 Ke7 63. Kc7 Ke8 64. Kd6 Kd8 65. Kd5 Ke7 66. Kc6
Kd8 67. Kd6 Ke8 68. e7 Kf7 69. Kd7 Kg7 70. e8=Q Kh7 71. Qf7+ Kh8 72. Qh5+ Kg7
73. Qg6+ Kf8 74. Qxf6+ Kg8 75. Qg6+ Kf8 76. Qe6 Kg7 77. Ke7 Kh8 78. Kf7 Kh7 79.
Qg6+ Kh8 80. Qg7# 1-0

[Event "DEM U12 2011"]
[Site "Oberhof GER"]
[Date "2011.06.15"]
[Round "6"]
[White "Möller, Hannah"]
[Black "Weiten, Anna"]
[Result "1-0"]
[Termination "normal"]
[Board "47"]
[WhiteElo "1204"]
[BlackElo "872"]
[PlyCount "55"]
[WhiteFideId "1270514"]
[BlackFideId "12938203"]
[EventCountry "GER"]
[EventRounds "11"]
[EventType "swiss"]
[EventDate "2011.06.11"]

1. e4 e5 2. Nf3 Nc6 3. Bc4 Nf6 4. d3 Bc5 5. Nc3 d6 6. Be3 Bxe3 7. fxe3 Bg4 8.
h3 Bxf3 9. Qxf3 O-O 10. Rf1 Qe7 11. g4 Rad8 12. g5 Nd7 13. Qh5 Nb6 14. Bb3 Na5
15. Nd5 Nxd5 16. Bxd5 c6 17. Bb3 Nxb3 18. axb3 b5 19. Qg4 d5 20. h4 Rd6 21. h5
h6 22. gxh6 Rxh6 23. Kd2 Ra8 24. Rg1 f6 25. Rg2 Rh7 26. Rag1 Kf8 27. h6 gxh6
28. Qg8# 1-0

[Event "DEM U12 2011"]
[Site "Oberhof GER"]
[Date "2011.06.15"]
[Round "7"]
[White "Baskin, Robert"]
[Black "Schröder, Kevin"]
[Result "1/2-1/2"]
[Termination "normal"]
[Board "1"]
[WhiteElo "1940"]
[BlackElo "1954"]
[PlyCount "47"]
[WhiteFideId "24662402"]
[BlackFideId "12929840"]
[EventCountry "GER"]
[EventRounds "11"]
[EventType "swiss"]
[EventDate "2011.06.11"]

1. e4 c5 2. Nf3 d6 3. d4 cxd4 4. Nxd4 Nf6 5. Nc3 a6 6. Be2 e6 7. a4 b6 8. f4
Bb7 9. Bf3 Qc7 10. O-O Be7 11. Be3 Nbd7 12. Qe2 O-O 13. g4 Nc5 14. Qg2 d5 15.
e5 Nfe4 16. Nxe4 Nxe4 17. c3 Rfc8 18. h3 Rab8 19. Qh2 Bc6 20. Be2 b5 21. axb5
Bxb5 22. Nxb5 axb5 23. Ra7 Rb7 24. Rxb7 1/2-1/2

[Event "DEM U12 2011"]
[Site "Oberhof GER"]
[Date "2011.06.15"]
[Round "7"]
[White "Péczely, Sebastian Zsomber"]
[Black "Höglauer, Patrick"]
[Result "0-1"]
[Termination "normal"]
[Board "2"]
[WhiteElo "1967"]
[BlackElo "1764"]
[PlyCount "156"]
[WhiteFideId "750964"]
[BlackFideId "1270548"]
[EventCountry "GER"]
[EventRounds "11"]
[EventType "swiss"]
[EventDate "2011.06.11"]

1. e4 c5 2. Nf3 e6 3. d4 cxd4 4. Nxd4 a6 5. Bd3 Qc7 6. O-O b5 7. Qe2 Bb7 8. c4
bxc4 9. Bxc4 Nf6 10. Bd3 Be7 11. Nd2 d6 12. b3 Qc3 13. Nc2 Nc6 14. Nc4 Ne5 15.
Rd1 Nxc4 16. bxc4 O-O 17. f4 Qa5 18. Rb1 Qc7 19. Kh1 Nd7 20. Ba3 Nc5 21. Bxc5
dxc5 22. e5 Rfd8 23. Ne3 Rd4 24. f5 Be4 25. fxe6 fxe6 26. Bxe4 Rxe4 27. Qf3
Qxe5 28. Re1 Rf8 29. Qg3 Qxg3 30. hxg3 Bg5 31. Nf1 Rxe1 32. Rxe1 e5 33. Kg1 Re8
34. Re4 Kf7 35. Nh2 Kf6 36. g4 Rd8 37. Nf3 Bf4 38. Kf2 Rb8 39. Re2 Re8 40. g3
Bc1 41. Re1 Bb2 42. Rb1 Bd4+ 43. Ke2 Re6 44. Rb7 e4 45. Nh4 h6 46. Nf5 g6 47.
Nxh6 Kg5 48. Rh7 Rf6 49. Ng8 Rf2+ 50. Ke1 e3 51. Re7 Bc3+ 52. Kd1 e2+ 53. Rxe2
Rxe2 54. Kxe2 Kxg4 55. Kf2 Be5 56. Nh6+ Kh3 57. Nf7 Bxg3+ 58. Kf3 Kh4 59. Ke4
g5 60. Kf5 Bf4 61. Nh6 Kg3 62. Ke4 a5 63. a4 Bc1 64. Nf5+ Kf2 65. Nd6 g4 66.
Kf5 g3 67. Ne4+ Ke3 68. Nxg3 Kd3 69. Ne4 Kxc4 70. Ke6 Kd4 71. Nd6 c4 72. Nb5+
Kd3 73. Kd5 c3 74. Nd4 Be3 75. Nb3 c2 76. Kc6 Kc3 77. Nxa5 c1=Q 78. Kb5 Qa3 0-1

[Event "DEM U12 2011"]
[Site "Oberhof GER"]
[Date "2011.06.15"]
[Round "7"]
[White "Mager, Denis"]
[Black "Kollars, Dmitrij"]
[Result "0-1"]
[Termination "normal"]
[Board "3"]
[WhiteElo "1741"]
[BlackElo "1830"]
[PlyCount "94"]
[WhiteFideId "24691127"]
[BlackFideId "12909572"]
[EventCountry "GER"]
[EventRounds "11"]
[EventType "swiss"]
[EventDate "2011.06.11"]

1. d4 Nf6 2. c4 g6 3. Nc3 Bg7 4. e4 d6 5. f4 O-O 6. Nf3 c5 7. dxc5 Qa5 8. Bd2
Qxc5 9. Bd3 Nbd7 10. Qe2 Qc7 11. O-O Nc5 12. Kh1 Bd7 13. Rac1 a5 14. Be3 Rfc8
15. Nd5 Nxd5 16. cxd5 Qd8 17. Bxc5 Rxc5 18. Rxc5 dxc5 19. Qc2 Rc8 20. a4 Qc7
21. g3 c4 22. Rc1 Qb6 23. Bxc4 Qxb2 24. d6 Qxc2 25. Rxc2 exd6 26. Ng5 d5 27.
Bb3 Rxc2 28. Bxc2 h6 29. Nf3 dxe4 30. Bxe4 Bxa4 31. Bxb7 Bc3 32. Bd5 Bc2 33.
Ng1 Bd1 34. Kg2 a4 35. Kf1 Bb3 36. Ne2 Bg7 37. Be4 Bb2 38. Bb1 a3 39. Kf2 a2
40. Bxa2 Bxa2 41. Ke3 Bc4 42. Ng1 Kg7 43. g4 Be6 44. Kf3 Kf6 45. h4 h5 46. gxh5
gxh5 47. Kg3 Bg4 0-1

[Event "DEM U12 2011"]
[Site "Oberhof GER"]
[Date "2011.06.15"]
[Round "7"]
[White "Dürr, Florian"]
[Black "Flüchter, Gregor"]
[Result "1/2-1/2"]
[Termination "normal"]
[Board "4"]
[WhiteElo "1819"]
[BlackElo "1822"]
[PlyCount "133"]
[WhiteFideId "24659134"]
[BlackFideId "12903396"]
[EventCountry "GER"]
[EventRounds "11"]
[EventType "swiss"]
[EventDate "2011.06.11"]

1. e4 c5 2. Nc3 Nc6 3. Nge2 Nf6 4. g3 e6 5. Bg2 d5 6. exd5 exd5 7. d4 Be6 8.
O-O cxd4 9. Nxd4 Bc5 10. Be3 Bb6 11. Re1 Nxd4 12. Bxd4 O-O 13. Qd2 Bxd4 14.
Qxd4 Qd7 15. Rad1 Rfd8 16. Rd2 a6 17. Na4 Qc7 18. Nb6 Rab8 19. Red1 Rd6 20. Nc4
Rc6 21. Ne3 h6 22. c4 Bd7 23. Nxd5 Nxd5 24. Bxd5 Rf6 25. Be4 Bf5 26. Bxf5 Rxf5
27. Qd7 Qxd7 28. Rxd7 Rc5 29. Rd8+ Rxd8 30. Rxd8+ Kh7 31. Rb8 Rxc4 32. Rxb7 f5
33. Rb6 f4 34. gxf4 a5 35. Rb5 a4 36. f5 a3 37. bxa3 Rc2 38. Rb7 Rxa2 39. Ra7
Kg8 40. a4 Rc2 41. Ra5 Kf7 42. Kg2 Kf6 43. Rb5 Ra2 44. a5 Ra3 45. f3 h5 46. h4
Ra2+ 47. Kg3 Ra3 48. Rd5 Rb3 49. Rd8 Kxf5 50. a6 Ra3 51. Ra8 Kf6 52. a7 Kf7 53.
Kf2 Ra2+ 54. Ke3 Ra1 55. Kd4 Kg6 56. f4 Kf7 57. f5 Rd1+ 58. Ke3 Re1+ 59. Kf4
Ra1 60. Kg5 Ra5 61. Kxh5 Rxf5+ 62. Kg4 Ra5 63. h5 Ra1 64. h6 Kg6 65. Kf4 Kh7
66. Kf5 gxh6 67. Kg4 1/2-1/2

[Event "DEM U12 2011"]
[Site "Oberhof GER"]
[Date "2011.06.15"]
[Round "7"]
[White "Vogel, Roven"]
[Black "Sawlin, Leonid"]
[Result "1/2-1/2"]
[Termination "normal"]
[Board "5"]
[WhiteElo "1759"]
[BlackElo "1920"]
[PlyCount "75"]
[WhiteFideId "12908088"]
[BlackFideId "4689542"]
[EventCountry "GER"]
[EventRounds "11"]
[EventType "swiss"]
[EventDate "2011.06.11"]

1. e4 e6 2. d4 d5 3. e5 c5 4. c3 Nc6 5. Nf3 Bd7 6. Be2 f6 7. O-O fxe5 8. Nxe5
Nxe5 9. dxe5 Qc7 10. c4 d4 11. Bf4 O-O-O 12. Nd2 Nh6 13. Ne4 Nf7 14. Ng5 Nxg5
15. Bxg5 Re8 16. Bh5 g6 17. Bf6 Rg8 18. Bf3 Be7 19. Bxe7 Rxe7 20. Re1 Rf8 21.
b4 Bc6 22. Bxc6 Qxc6 23. a4 Ref7 24. f3 Rf4 25. b5 Qd7 26. Qd3 Qe7 27. a5 R4f5
28. a6 b6 29. Qe4 Qc7 30. Ra3 R8f7 31. g3 Kd8 32. Kg2 Ke8 33. h4 Kf8 34. Rd3
Qd8 35. f4 Kg7 36. Rf1 Rf8 37. g4 R5f7 38. Kg3 1/2-1/2

[Event "DEM U12 2011"]
[Site "Oberhof GER"]
[Date "2011.06.15"]
[Round "7"]
[White "Ovsepyan, Arshak"]
[Black "Petrashov, Alexander"]
[Result "0-1"]
[Termination "normal"]
[Board "6"]
[WhiteElo "1950"]
[BlackElo "1644"]
[PlyCount "112"]
[WhiteFideId "24690236"]
[BlackFideId "24662461"]
[EventCountry "GER"]
[EventRounds "11"]
[EventType "swiss"]
[EventDate "2011.06.11"]

1. e4 e5 2. Nf3 Nc6 3. Bc4 Bc5 4. c3 Nf6 5. d3 a6 6. Nbd2 O-O 7. O-O d6 8. Re1
Be6 9. b4 Bb6 10. a4 Qd7 11. Bxe6 Qxe6 12. a5 Ba7 13. Ba3 Ng4 14. Re2 Qg6 15.
h3 Nh6 16. Kh2 Qh5 17. Nf1 Ne7 18. Ng3 Qg6 19. Bc1 f5 20. exf5 Nhxf5 21. Nxf5
Nxf5 22. Be3 Bxe3 23. fxe3 Qg3+ 24. Kg1 Ne7 25. Rf2 Rf6 26. Qe2 Raf8 27. Raf1
Kh8 28. e4 Ng6 29. Ne1 Nf4 30. Qg4 Qxg4 31. hxg4 Ne2+ 32. Rxe2 Rxf1+ 33. Kh2
R1f2 34. Re3 Rb2 35. Nf3 Rb3 36. d4 exd4 37. Nxd4 Rb2 38. Ne6 Rc8 39. Rf3 Kg8
40. Kg3 Re2 41. Kf4 Rxg2 42. Kg5 Re2 43. Kf5 Kf7 44. Ng5+ Kg8 45. Ne6 h6 46. g5
hxg5 47. Kg6 Rxe4 48. Nxg7 Rf8 49. Rh3 Rf7 50. Nf5 Re6+ 51. Kxg5 Re5 52. Rf3
Kf8 53. Kg6 Re6+ 54. Kg5 Ref6 55. c4 Ke8 56. Nxd6+ Rxd6 0-1

[Event "DEM U12 2011"]
[Site "Oberhof GER"]
[Date "2011.06.15"]
[Round "7"]
[White "Lagunow, Raphael"]
[Black "Schackmann, Oliver"]
[Result "1-0"]
[Termination "normal"]
[Board "7"]
[WhiteElo "1711"]
[BlackElo "1829"]
[PlyCount "41"]
[WhiteFideId "24652644"]
[BlackFideId "12905267"]
[EventCountry "GER"]
[EventRounds "11"]
[EventType "swiss"]
[EventDate "2011.06.11"]

1. e4 c5 2. c3 d5 3. exd5 Qxd5 4. d4 cxd4 5. cxd4 Nc6 6. Nf3 Bg4 7. Be2 e6 8.
Nc3 Bb4 9. O-O Bxc3 10. bxc3 Nf6 11. Ba3 Qa5 12. Qb3 Rb8 13. Rfd1 Ne7 14. Bb5+
Kf8 15. Be2 Qc7 16. c4 Kg8 17. Rac1 g6 18. d5 exd5 19. cxd5 Qd8 20. Bb2 Qd6 21.
Be5 1-0

[Event "DEM U12 2011"]
[Site "Oberhof GER"]
[Date "2011.06.15"]
[Round "7"]
[White "Kaplun, David"]
[Black "Greßmann, Moritz"]
[Result "0-1"]
[Termination "normal"]
[Board "8"]
[WhiteElo "1758"]
[BlackElo "1738"]
[PlyCount "78"]
[WhiteFideId "12901954"]
[BlackFideId "24695084"]
[EventCountry "GER"]
[EventRounds "11"]
[EventType "swiss"]
[EventDate "2011.06.11"]

1. d4 Nf6 2. c4 g6 3. Nc3 d5 4. cxd5 Nxd5 5. e4 Nxc3 6. bxc3 Bg7 7. Bc4 c5 8.
Be3 O-O 9. Ne2 Qc7 10. Rc1 Rd8 11. O-O Nc6 12. d5 Ne5 13. Bb3 b5 14. c4 b4 15.
h3 a5 16. f4 Nd7 17. Bc2 Nb6 18. Bd3 a4 19. e5 Ba6 20. g4 Nxd5 21. cxd5 Rxd5
22. Rxc5 Rxc5 23. Bxa6 Rxa6 24. Bxc5 Qxc5+ 25. Kh1 Qc6+ 26. Kg1 Qb6+ 27. Qd4
Qxd4+ 28. Nxd4 Rb6 29. Rc1 b3 30. axb3 axb3 31. Kf2 b2 32. Rb1 g5 33. Nf5 gxf4
34. Nxe7+ Kf8 35. Nd5 Rb3 36. e6 fxe6 37. Nxf4 Bd4+ 38. Kg2 e5 39. Nh5 Ra3 0-1

[Event "DEM U12 2011"]
[Site "Oberhof GER"]
[Date "2011.06.15"]
[Round "7"]
[White "Pallas, Sebastian"]
[Black "Scholz, Robert"]
[Result "1-0"]
[Termination "normal"]
[Board "9"]
[WhiteElo "1813"]
[BlackElo "1643"]
[PlyCount "103"]
[WhiteFideId "12905453"]
[BlackFideId "1270301"]
[EventCountry "GER"]
[EventRounds "11"]
[EventType "swiss"]
[EventDate "2011.06.11"]

1. e4 e5 2. Nf3 Nc6 3. d4 exd4 4. Nxd4 Bc5 5. Nxc6 Qf6 6. Qf3 Qxf3 7. gxf3 bxc6
8. h4 Ne7 9. h5 d5 10. Bf4 Bd6 11. Bxd6 cxd6 12. Nd2 Kd7 13. O-O-O Kc7 14. Nb3
Bb7 15. c4 dxe4 16. fxe4 d5 17. Nc5 Rac8 18. Bh3 Rcd8 19. Nxb7 Kxb7 20. exd5
cxd5 21. Bg2 Rc8 22. b3 Rhd8 23. Rhe1 Rd7 24. Kb2 Rcd8 25. Re5 f6 26. Re6 Kb8
27. c5 Kc7 28. Bh3 Nc6 29. Rde1 Rf7 30. f4 Rdd7 31. Re8 Rde7 32. Rc8+ Kb7 33.
Re8 Rxe1 34. Rxe1 Re7 35. Rxe7+ Nxe7 36. b4 g6 37. hxg6 hxg6 38. b5 g5 39. fxg5
fxg5 40. Kc3 Ng6 41. Kd4 Nf4 42. Bg4 Kb8 43. a4 Kc7 44. a5 Ng2 45. b6+ axb6 46.
cxb6+ Kb7 47. Bf3 Nf4 48. Bxd5+ Ka6 49. Bc4+ Kb7 50. Kc5 Nh5 51. a6+ Ka8 52.
Bd5+ 1-0

[Event "DEM U12 2011"]
[Site "Oberhof GER"]
[Date "2011.06.15"]
[Round "7"]
[White "Bergauz, Noam"]
[Black "Gheng, Christian"]
[Result "1-0"]
[Termination "normal"]
[Board "10"]
[WhiteElo "1591"]
[BlackElo "1679"]
[PlyCount "53"]
[WhiteFideId "12938033"]
[BlackFideId "24660345"]
[EventCountry "GER"]
[EventRounds "11"]
[EventType "swiss"]
[EventDate "2011.06.11"]

1. e4 e6 2. d4 d5 3. Nd2 Nf6 4. e5 Nfd7 5. Bd3 c5 6. c3 Nc6 7. Ne2 cxd4 8. cxd4
f6 9. exf6 Qxf6 10. Nf3 Bd6 11. Bg5 Qf7 12. O-O O-O 13. Qc2 Qh5 14. Ng3 Bxg3
15. hxg3 Rxf3 16. gxf3 Nxd4 17. Qd1 Qxg5 18. Bxh7+ Kxh7 19. Qxd4 Ne5 20. Kg2
Qf6 21. Rh1+ Kg8 22. f4 Ng4 23. Qa4 Qe7 24. Rac1 Qd6 25. Qe8+ Qf8 26. Rh8+ Kxh8
27. Qxf8+ 1-0

[Event "DEM U12 2011"]
[Site "Oberhof GER"]
[Date "2011.06.15"]
[Round "7"]
[White "Böhning, Kilian"]
[Black "Schmekel, Florian"]
[Result "1/2-1/2"]
[Termination "normal"]
[Board "11"]
[WhiteElo "1708"]
[BlackElo "1544"]
[PlyCount "109"]
[WhiteFideId "1270499"]
[BlackFideId "12913456"]
[EventCountry "GER"]
[EventRounds "11"]
[EventType "swiss"]
[EventDate "2011.06.11"]

1. Nf3 Nf6 2. e3 e6 3. b3 b6 4. Bb2 Bb7 5. Nc3 d5 6. Ne2 Nbd7 7. Ng3 Be7 8. c4
O-O 9. Rc1 c5 10. Bd3 dxc4 11. Bxc4 Ne4 12. Qc2 Nxg3 13. hxg3 h6 14. Bd3 Bxf3
15. gxf3 Bf6 16. Bh7+ Kh8 17. Be4 Rc8 18. f4 Bxb2 19. Qxb2 Qf6 20. Qc2 Qe7 21.
g4 f6 22. Ke2 e5 23. f5 Rfd8 24. Qc4 Nf8 25. Rh2 Qd7 26. d3 Nh7 27. Rch1 Rc7
28. Rh5 b5 29. Qc3 Rdc8 30. Rd1 Qf7 31. Qd2 Ng5 32. Bg2 c4 33. dxc4 bxc4 34.
Bd5 c3 35. Qc2 Qe7 36. Bc4 Qa3 37. f3 Qa5 38. e4 Rb8 39. Qd3 Qxa2+ 40. Kf1 Rcc8
41. Qxc3 Qa3 42. Rh2 Qc5 43. Rd5 Qc7 44. Qd3 Rd8 45. Rd2 Rxd5 46. exd5 Rd8 47.
Qe3 Qa5 48. Rd1 Nh3 49. Qd2 Qb6 50. Qg2 Nf4 51. Qf2 Qa5 52. d6 Qc3 53. d7 Qa5
54. Be2 Qc7 55. Bb5 1/2-1/2

[Event "DEM U12 2011"]
[Site "Oberhof GER"]
[Date "2011.06.15"]
[Round "7"]
[White "Kitze, Alexander"]
[Black "Schmidt, Tobias"]
[Result "0-1"]
[Termination "normal"]
[Board "12"]
[WhiteElo "1717"]
[BlackElo "1580"]
[PlyCount "102"]
[WhiteFideId "12914827"]
[BlackFideId "1271683"]
[EventCountry "GER"]
[EventRounds "11"]
[EventType "swiss"]
[EventDate "2011.06.11"]

1. e4 e6 2. d4 d5 3. Nd2 c5 4. exd5 Qxd5 5. Ngf3 cxd4 6. Bc4 Qd6 7. O-O Nf6 8.
Nb3 Nc6 9. Nbxd4 Nxd4 10. Nxd4 a6 11. Re1 Qc7 12. Bb3 Bd6 13. h3 O-O 14. Bg5
Be7 15. Qe2 Re8 16. Rad1 Bd7 17. Rd3 Rad8 18. Rg3 Kh8 19. Kh1 Qb6 20. Nf3 Nh5
21. Rg4 Bxg5 22. Nxg5 Kg8 23. Rh4 Nf6 24. c3 Bb5 25. Qf3 Bc6 26. Qg3 Rd2 27.
Re3 Rxb2 28. Rh6 Qd8 29. Nf3 Ne4 30. Rxe4 Bxe4 31. Ne5 Bg6 32. Rh4 Qf6 33. f3
Rd8 34. Rc4 h6 35. Ng4 Qg5 36. h4 Qf5 37. Kh2 Rdd2 38. Ne3 Qd3 39. Qf4 Kh7 40.
Rd4 Qxc3 41. Rxd2 Qxd2 42. Qe5 Qf2 43. h5 Bf5 44. Qf4 Re2 45. Bd1 Qxe3 46. Qg3
Re1 47. Qd6 Qg1+ 48. Kg3 Rxd1 49. Qe7 Rd2 50. Qxb7 Qxg2+ 51. Kf4 Qg5+ 0-1

[Event "DEM U12 2011"]
[Site "Oberhof GER"]
[Date "2011.06.15"]
[Round "7"]
[White "Graf, Clara Victoria"]
[Black "Köhn, Lennart"]
[Result "1-0"]
[Termination "normal"]
[Board "13"]
[WhiteElo "1710"]
[BlackElo "1554"]
[PlyCount "45"]
[WhiteFideId "1270339"]
[BlackFideId "12938041"]
[EventCountry "GER"]
[EventRounds "11"]
[EventType "swiss"]
[EventDate "2011.06.11"]

1. e4 c5 2. Nf3 Nc6 3. Bb5 d6 4. Bxc6+ bxc6 5. O-O g6 6. Re1 Bg7 7. c3 d5 8.
exd5 cxd5 9. d4 cxd4 10. Nxd4 e6 11. Nd2 Ne7 12. N2f3 O-O 13. Bf4 Qb6 14. Qd2
Re8 15. Bh6 Bh8 16. Nb3 Nf5 17. Bf4 Bb7 18. Nbd4 Nxd4 19. cxd4 Rac8 20. b3 Bxd4
21. Qxd4 Qxd4 22. Nxd4 Kg7 23. Nb5 1-0

[Event "DEM U12 2011"]
[Site "Oberhof GER"]
[Date "2011.06.15"]
[Round "7"]
[White "Scheinhütte, Jakob"]
[Black "Perske, Thore"]
[Result "0-1"]
[Termination "normal"]
[Board "14"]
[WhiteElo "1587"]
[BlackElo "1830"]
[PlyCount "168"]
[WhiteFideId "24693944"]
[BlackFideId "12902195"]
[EventCountry "GER"]
[EventRounds "11"]
[EventType "swiss"]
[EventDate "2011.06.11"]

1. e4 e6 2. Nf3 d5 3. Nc3 Bb4 4. a3 Ba5 5. b4 Bb6 6. Bb2 Ne7 7. exd5 exd5 8.
Na4 O-O 9. Nxb6 axb6 10. Be2 c5 11. O-O Bf5 12. Nh4 Qd6 13. Nxf5 Nxf5 14. Bd3
Ne7 15. Qh5 Ng6 16. b5 Nd7 17. Rfe1 Rfe8 18. g3 Nde5 19. Bf1 Rad8 20. d3 d4 21.
Bg2 Qd7 22. a4 Qc7 23. Rad1 Ra8 24. Ra1 Rad8 25. Rad1 Ra8 26. Ra1 Re7 27. Re4
Nd7 28. Rxe7 Nxe7 29. Qf3 Ra7 30. Bc1 Ng6 31. Bd2 Nf6 32. h4 h5 33. Bg5 Ng4 34.
Bh3 N4e5 35. Qxh5 c4 36. Qe2 cxd3 37. cxd3 Ra8 38. Rc1 Qd6 39. h5 Nf8 40. Bf4
Re8 41. Bg2 Qa3 42. Rc7 Qxd3 43. Qxd3 Nxd3 44. Bd5 Ne6 45. Bxe6 fxe6 46. Rxb7
e5 47. Bd2 e4 48. Rd7 e3 49. fxe3 Ne5 50. Rxd4 Nf3+ 51. Kf2 Nxd4 52. exd4 Ra8
53. d5 Rxa4 54. Be3 Rb4 55. Bxb6 Rxb5 56. Be3 Rxd5 57. h6 g5 58. Kf3 Kh7 59.
Kg4 Kxh6 60. Bc1 Rd4+ 61. Kf5 Kh5 62. Be3 Rg4 63. Bf2 Ra4 64. Be1 g4 65. Bd2
Ra1 66. Bf4 Rf1 67. Ke4 Kg6 68. Ke5 Re1+ 69. Kd4 Kf5 70. Kd3 Re8 71. Bc7 Re1
72. Bf4 Rd1+ 73. Ke3 Ra1 74. Bc7 Ra7 75. Bf4 Ra3+ 76. Kd4 Ra4+ 77. Ke3 Ke6 78.
Bc7 Kd5 79. Bb8 Ra8 80. Bc7 Rc8 81. Bf4 Rc3+ 82. Kf2 Ke4 83. Ke2 Rc2+ 84. Ke1
Kf3 0-1

[Event "DEM U12 2011"]
[Site "Oberhof GER"]
[Date "2011.06.15"]
[Round "7"]
[White "Riehle, Marco"]
[Black "Brandl, Lea Maria"]
[Result "0-1"]
[Termination "normal"]
[Board "16"]
[WhiteElo "1747"]
[BlackElo "1546"]
[PlyCount "114"]
[WhiteFideId "12904392"]
[BlackFideId "24693049"]
[EventCountry "GER"]
[EventRounds "11"]
[EventType "swiss"]
[EventDate "2011.06.11"]

1. e4 c5 2. Nf3 d6 3. d4 cxd4 4. Nxd4 Nf6 5. Nc3 a6 6. f3 e5 7. Nb3 Be6 8. Be3
Be7 9. Qd2 O-O 10. O-O-O Nbd7 11. g4 b5 12. h4 b4 13. Ne2 a5 14. Kb1 Qc7 15. h5
Rfb8 16. g5 Ne8 17. g6 a4 18. Nbc1 b3 19. cxb3 axb3 20. axb3 Qb7 21. Qc2 Qa6
22. Qd2 Rxb3 23. Kc2 Rab8 24. Nd3 Bc4 25. gxf7+ Kxf7 26. Nec1 Bxd3+ 27. Nxd3
Qa2 28. Rc1 Rxb2+ 29. Nxb2 Rxb2+ 30. Kd1 Rxd2+ 31. Bxd2 Qb3+ 32. Ke1 Qxf3 33.
Bc4+ Kf8 34. Rh2 Bh4+ 35. Rxh4 Qg3+ 36. Ke2 Qxh4 37. Rf1+ Ndf6 38. Bd3 Qxh5+
39. Ke1 Ke7 40. Be3 Ng4 41. Be2 Qh4+ 42. Kd2 Nxe3 43. Kxe3 Nf6 44. Bd3 Qg3+ 45.
Kd2 h5 46. Ke2 h4 47. Rf3 Qg4 48. Kf2 Nxe4+ 49. Bxe4 Qxe4 50. Rh3 Qf5+ 51. Kg2
Qxh3+ 52. Kxh3 g5 53. Kg2 e4 54. Kf2 d5 55. Kg2 e3 56. Kf3 h3 57. Kg3 e2 0-1